00515nam a2200145Ia 4500008004100000020002200041100002200063245006500085250001200150260004700162300001400209500001900223999001900242952010800261200619s9999 xx 000 0 und d a978-0-471-64799-7 aKatsigris, Costas cCostas Katsigris, Chris Thomas.--aThe bar & beverage book / a4th ed. aNew Jersey:bJohn Wiley & Sons, Inc.c2007 a737 pages aIncludes Index c363706d363706 001040aSFUbSFUcSFUd2020-06-19l0oTX 950.7 .K19 2007pSFU0830r2020-06-19 00:00:00w2020-06-19yBK